000 00591nam a2200193Ia 4500
008 090123s9999 xx 000 0 und d
082 _b38689
100 _aगार्डनर अर्ल स्टॅन्ले
245 _aधग
250 _a1
260 _bपायल प्रकाशन
_c2005
300 _a191
600 _aगार्डनर अर्ल स्टॅन्ले
630 _aधग
700 _aगार्डनर अर्ल स्टॅन्ले
700 _aभावे अपर्णा
730 _aधग
942 _cBOOK
999 _c76758
_d76758